Full 2020 NFL Draft - Statistics

General Stats
  • This quiz has been taken 68 times
    21 since last reset
  • The average score is 26 of 255
Answer Stats
Round Pick Team Position College Answer % Correct
1 1 Cincinnati Bengals QB LSU Joe Burrow
100%
1 2 Washington Redskins DE Ohio State Chase Young
83%
1 5 Miami Dolphins QB Alabama Tua Tagovailoa
67%
1 6 Los Angeles Chargers QB Oregon Justin Herbert
61%
1 17 Dallas Cowboys WR Oklahoma CeeDee Lamb
56%
1 26 Green Bay Packers QB Utah State Jordan Love
56%
1 22 Minnesota Vikings WR LSU Justin Jefferson
56%
1 3 Detroit Lions CB Ohio State Jeff Okudah
50%
1 15 Denver Broncos WR Alabama Jerry Jeudy
50%
1 25 San Francisco 49ers WR Arizona State Brandon Aiyuk
44%
1 7 Carolina Panthers DT Auburn Derrick Brown
39%
1 12 Las Vegas Raiders WR Alabama Henry Ruggs
39%
1 8 Arizona Cardinals LB Clemson Isaiah Simmons
39%
1 16 Atlanta Falcons CB Clemson A.J. Terrell
33%
1 32 Kansas City Chiefs RB LSU Clyde Edwards-Helaire
33%
2 33 Cincinnati Bengals WR Clemson Tee Higgins
33%
1 13 Tampa Bay Buccaneers OT Iowa Tristan Wirfs
33%
1 4 New York Giants OT Georgia Andrew Thomas
28%
1 21 Philadelphia Eagles WR TCU Jalen Reagor
28%
1 23 Los Angeles Chargers LB Oklahoma Kenneth Murray
28%
1 18 Miami Dolphins OT USC Austin Jackson
22%
1 24 New Orleans Saints C Michigan Cesar Ruiz
22%
2 43 Chicago Bears TE Notre Dame Cole Kmet
22%
1 19 Las Vegas Raiders CB Ohio State Damon Arnette
22%
2 53 Philadelphia Eagles QB Oklahoma Jalen Hurts
22%
1 14 San Francisco 49ers DT South Carolina Javon Kinlaw
22%
2 50 Chicago Bears CB Utah Jaylon Johnson
22%
1 10 Cleveland Browns OT Alabama Jedrick Wills
22%
2 41 Indianapolis Colts RB Wisconsin Jonathan Taylor
22%
1 27 Seattle Seahawks LB Texas Tech Jordyn Brooks
22%
1 11 New York Jets OT Louisville Mekhi Becton
22%
2 34 Indianapolis Colts WR USC Michael Pittman Jr.
22%
1 28 Baltimore Ravens LB LSU Patrick Queen
22%
2 36 New York Giants S Alabama Xavier McKinney
22%
2 62 Green Bay Packers RB Boston College A.J. Dillon
17%
2 54 Buffalo Bills DE Iowa A.J. Epenesa
17%
2 45 Tampa Bay Buccaneers S Minnesota Antoine Winfield Jr.
17%
3 66 Washington Redskins RB Memphis Antonio Gibson
17%
2 52 Los Angeles Rams RB Florida State Cam Akers
17%
2 49 Pittsburgh Steelers WR Notre Dame Chase Claypool
17%
1 9 Jacksonville Jaguars CB Florida C.J. Henderson
17%
2 35 Detroit Lions RB Georgia D'Andre Swift
17%
1 29 Tennessee Titans OT Georgia Isaiah Wilson
17%
1 31 Minnesota Vikings CB TCU Jeff Gladney
17%
2 64 Carolina Panthers S Southern Illinois Jeremy Chinn
17%
2 55 Baltimore Ravens RB Ohio State J.K. Dobbins
17%
1 20 Jacksonville Jaguars LB LSU K'Lavon Chaisson
17%
2 37 New England Patriots S Lenoir-Rhyne Kyle Dugger
17%
3 71 Baltimore Ravens DT Texas A&M Nnamdi Madubuike
17%
1 30 Miami Dolphins CB Auburn Noah Igbinoghene
17%
2 51 Dallas Cowboys CB Alabama Trevon Diggs
17%
3 102 Pittsburgh Steelers LB Charlotte Alex Highsmith
11%
4 124 Pittsburgh Steelers RB Maryland Anthony McFarland
11%
3 81 Las Vegas Raiders WR South Carolina Bryan Edwards
11%
4 133 Seattle Seahawks TE Stanford Colby Parkinson
11%
3 73 Jacksonville Jaguars DT Ohio State DaVon Hamilton
11%
2 59 New York Jets WR Baylor Denzel Mims
11%
4 117 Minnesota Vikings DE South Carolina D.J. Wonnum
11%
2 44 Cleveland Browns S LSU Grant Delpit
11%
4 115 Cleveland Browns TE Florida Atlantic Harrison Bryant
11%
2 46 Denver Broncos WR Penn State K.J. Hamler
11%
4 127 Philadelphia Eagles S Clemson K'Von Wallace
11%
2 42 Jacksonville Jaguars WR Colorado Laviska Shenault
11%
4 138 Kansas City Chiefs S Louisiana Tech L'Jarius Sneed
11%
3 65 Cincinnati Bengals LB Wyoming Logan Wilson
11%
3 78 Atlanta Falcons C Temple Matt Hennessy
11%
6 210 Philadelphia Eagles OT Auburn Prince Tega Wanogho
11%
2 40 Houston Texans DT TCU Ross Blacklock
11%
4 113 Carolina Panthers CB Notre Dame Troy Pride
11%
2 57 Los Angeles Rams WR Florida Van Jefferson
11%
2 63 Kansas City Chiefs LB Mississippi State Willie Gay
11%
2 38 Carolina Panthers DE Penn State Yetur Gross-Matos
11%
3 74 New Orleans Saints LB Wisconsin Zack Baun
11%
3 105 New Orleans Saints TE Dayton Adam Trautman
6%
4 107 Cincinnati Bengals LB Appalachian State Akeem Davis-Gaither
6%
4 118 Denver Broncos TE Missouri Albert Okwuegbunam
6%
6 186 Los Angeles Chargers S Notre Dame Alohi Gilman
6%
5 148 Seattle Seahawks DE Syracuse Alton Robinson
6%
4 139 Las Vegas Raiders CB Louisiana Tech Amik Robertson
6%
3 87 New England Patriots LB Alabama Anfernee Jennings
6%
4 142 Washington Redskins WR Liberty Antonio Gandy-Golden
6%
3 68 New York Jets S California Ashtyn Davis
6%
4 116 Jacksonville Jaguars OT St. John's Ben Bartch
6%
4 143 Baltimore Ravens G Michigan Ben Bredeson
6%
7 231 Dallas Cowboys QB James Madison Ben DiNucci
6%
6 185 Miami Dolphins LS LSU Blake Ferguson
6%
7 237 Kansas City Chiefs CB Tulane BoPete Keyes
6%
6 191 New York Jets P Texas A&M Braden Mann
6%
5 179 Dallas Cowboys DE Utah Bradlee Anae
6%
3 70 Miami Dolphins S Texas Brandon Jones
6%
6 184 Carolina Panther DT Baylor Bravvion Roy
6%
5 170 Baltimore Ravens DT Texas Tech Broderick Washington
6%
5 158 New York Jets CB Virginia Bryce Hall
6%
4 136 Los Angeles Rams TE Purdue Brycen Hopkins
6%
6 183 New York Giants LB Penn State Cameron Brown
6%
3 89 Minnesota Vikings CB Mississippi State Cameron Dantzler
6%
7 218 New York Giants LB Minnesota Carter Coughlin
6%
6 204 New England Patriots LB Wyoming Cassh Maluia
6%
4 126 Houston Texans OT North Carolina Charlie Heck
6%
6 190 San Francisco 49ers TE Georgia Charlie Woerner
6%
7 224 Tennessee Titans QB Hawaii Cole McDonald
6%
5 153 San Francisco 49ers OT West Virginia Colton McKivitz
6%
5 164 Miami Dolphins DE Boise State Curtis Weaver
6%
3 101 New England Patriots TE Virginia Tech Dalton Keene
6%
3 69 Seattle Seahawks G LSU Damien Lewis
6%
5 149 Indianapolis Colt G Ball State Danny Pinter
6%
4 110 New York Gaints CB UCLA Darnay Holmes
6%
5 173 Chicago Bears WR Tulane Darnell Mooney
6%
2 48 Seattle Seahawks DE Tennessee Darrell Taylor
6%
3 93 Tennessee Titans RB Appalachian State Darrynton Evans
6%
3 103 Philadelphia Eagles LB Colorado Davion Taylor
6%
4 144 Seattle Seahawks RB Miami DeeJay Dallas
6%
7 254 Denver Broncos DE North Dakota State Derrek Tuszka
6%
3 91 New England Patriots TE UCLA Devin Asiasi
6%
3 92 Baltimore Ravens WR Texas Devin Duvernay
6%
6 212 Indianapolis Colts WR Washington State Dezmon Patmon
6%
6 187 Cleveland Browns WR Michigan Donovan Peoples-Jones
6%
7 222 Arizoan Cardinals RB Arizona State Eno Benjamin
6%
2 58 Minnesota Vikings OT Boise State Ezra Cleveland
6%
6 214 Seattle Seahawks WR Florida Freddie Swain
6%
4 128 Buffalo Bills WR UCF Gabriel Davis
6%
7 219 Baltimore Ravens S Iowa Geno Stone
6%
6 180 Cincinnati Bengals OT Kansas Hakeem Adeniji
6%
5 169 Minnesota Vikings CB Temple Harrison Hand
6%
5 171 Houston Texans WR Rhode Island Isaiah Coulter
6%
6 207 Buffalo Bills WR Oregon State Isaiah Hodgins
6%
6 211 Indianapolis Colts CB UMass Isaiah Rodgers
6%
3 79 New York Jets DE Florida Jabari Zuniga
6%
4 145 Philadelphia Eagles G Auburn Jack Driscoll
6%
4 122 Indianapolis Colts QB Washington Jacob Eason
6%
3 97 Cleveland Browns LB LSU Jacob Phillips
6%
5 167 Buffalo Bills QB Georgia Jake Fromm
6%
6 189 Jacksonville Jaguars QB Oregon State Jake Luton
6%
4 130 Minnesota Vikings DT Baylor James Lynch
6%
4 125 New York Jets QB Florida International James Morgan
6%
6 201 Baltimore Ravens WR SMU James Proche
6%
7 229 Washington Redskins DE NC State James Smith-Williams
6%
5 172 Detroit Lions RB New Mexico State Jason Huntley
6%
5 154 Miami Dolphins DE North Carolina Jason Strowbridge
6%
7 217 San Francisco 49ers WR Tennessee Jauan Jennings
6%
4 134 Atlanta Falcons S California Jaylinn Hawkins
6%
5 151 Los Angeles Chargers WR Virginia Joe Reed
6%
5 168 Philadelphia Eagles WR Boise State John Hightower
6%
4 109 Las Vegas Raiders G Clemson John Simpson
6%
7 242 Green Bay Packers DE Miami Jonathan Garvin
6%
3 90 Houston Texans DE Florida Jonathan Greenard
6%
6 192 Green Bay Packers OT Michigan Jon Runyan Jr.
6%
3 88 Cleveland Browns DT Missouri Jordan Elliott
6%
6 199 Los Angeles Rams S Ohio State Jordan Fuller
6%
3 72 Arizona Cardinals OT Houston Josh Jones
6%
6 205 Minnesota Vikings S Michigan Josh Metellus
6%
4 112 Los Angeles Chargers RB UCLA Joshua Kelley
6%
2 60 New England Patriots LB Michigan Josh Uche
6%
3 94 Green Bay Packers TE Cincinnati Josiah Deguara
6%
3 85 Indianapolis Colts S Utah Julian Blackmon
6%
3 67 Detroit Lions LB Notre Dame Julian Okwara
6%
5 159 New England Patriots K Marshall Justin Rohrwasser
6%
5 178 Denver Broncos LB Wake Forest Justin Strnad
6%
5 175 Green Bay Packers LB Minnesota Kamal Martin
6%
7 216 Washington Redskins S Arkansas Kamren Curl
6%
5 156 Washington Redskins C San Diego State Keith Ismael
6%
5 152 Carolina Panthers S West Virginia Kenny Robinson
6%
7 225 Minnesota Vikings DE Michigan State Kenny Willekes
6%
3 76 Tampa Bay Buccaneers RB Vanderbilt Ke'Shawn Vaughn
6%
4 135 Pittsburgh Steelers G Louisiana Kevin Dotson
6%
5 162 Washington Redskins LB Michigan Khaleke Hudson
6%
5 147 Cincinnati Bengals DE Notre Dame Khalid Kareem
6%
5 163 Chicago Bears CB Georgia Southern Kindle Vildor
6%
7 220 Los Angeles Chargers WR Ohio State K.J. Hill
6%
5 176 Minnesota Vikings WR Miami K.J. Osborn
6%
2 61 Tennessee Titans CB LSU Kristian Fulton
6%
7 253 Minnesota Vikings C Washburn Kyle Hinton
6%
4 120 New York Jets RB Florida La'Mical Perine
6%
5 174 Tennessee Titans DT NC State Larrell Murchison
6%
4 114 Arizona Cardinals DT Utah Leki Fotu
6%
3 83 Denver Broncos C LSU Lloyd Cushenberry
6%
4 121 Detroit Lions G Kentucky Logan Stenberg
6%
3 96 Kansas City Chiefs OT TCU Lucas Niang
6%
3 80 Las Vegas Raiders WR Kentucky Lynn Bowden
6%
7 246 Miami Dolphins WR Navy Malcolm Perry
6%
3 98 Baltimore Ravens LB Ohio State Malik Harrison
6%
7 215 Cincinnati Bengals LB Purdue Markus Bailey
6%
2 47 Atlanta Falcons DE Auburn Marlon Davidson
6%
3 99 New York Giants OT Connecticut Matt Peart
6%
3 95 Denver Broncos DT Arkansas McTelvin Agim
6%
5 177 Kansas City Chiefs DE Michigan Michael Danna
6%
3 77 Denver Broncos CB Iowa Michael Ojemudia
6%
4 119 Atlanta Falcons LB Fresno State Mykal Walker
6%
7 244 Minnesota Vikings QB Iowa Nate Stanley
6%
6 181 Denver Broncos G Fresno State Netane Muti
6%
3 82 Dallas Cowboys DT Oklahoma Neville Gallimore
6%
5 160 Cleveland Browns C Washington Nick Harris
6%
6 200 Philadelphia Eagles WR Southern Miss Quez Watkins
6%
5 166 Detroit Lions WR Wisconsin Quintez Cephus
6%
2 56 Miami Dolphins DT Alabama Raekwon Davis
6%
4 131 Arizona Cardinals DT LSU Rashard Lawrence
6%
4 123 Dallas Cowboys CB Tulsa Reggie Robinson
6%
2 39 Miami Dolphins G Louisiana Robert Hunt
6%
4 108 Washington Redskins OT LSU Saahdiq Charles
6%
7 248 Los Angeles Rams K Miami (OH) Sam Sloman
6%
5 150 New York Giants G Oregon Shane Lemieux
6%
4 140 Jacksonville Jaguars LB Miami Shaquille Quarterman
6%
6 196 Philadelpia Eagles LB Temple Shaun Bradley
6%
6 209 Green Bay Packers G Indiana Simon Stepaniak
6%
4 111 Miami Dolphins G Georgia Solomon Kindley
6%
7 221 Carolina Panthers CB Florida International Stantley Thomas-Oliver
6%
7 251 Seattle Seahawks TE LSU Stephen Sullivan
6%
7 228 Atlanta Falcons P Syracuse Sterling Hofrichter
6%
7 255 New York Giants LB Georgia Tae Crowder
6%
3 100 Las Vegas Raiders LB Clemson Tanner Muse
6%
3 104 Los Angeles Rams S Utah Terrell Burgess
6%
7 240 New Orleans Saints QB Mississippi State Tommy Stevens
6%
5 155 Chicago Bears DE Tulsa Trevis Gipson
6%
4 132 Minnesota Vikings LB Oregon Troy Dye
6%
6 188 Buffalo Bills K Georgia Southern Tyler Bass
6%
4 146 Dallas Cowboys C Wisconsin Tyler Biadasz
6%
5 161 Tampa Bay Buccaneers WR Minnesota Tyler Johnson
6%
7 252 Denver Broncos WR Florida Tyrie Cleveland
6%
3 86 Buffalo Bills RB Utah Zack Moss
6%
6 198 Pittsburgh Steelers S Maryland Antoine Brooks
0%
7 226 Chicago Bears G Colorado Arlington Hambright
0%
6 203 Minnesota Vikings OT Oregon State Blake Brandel
0%
7 249 Minnesota Vikings LB Mississippi State Brian Cole
0%
4 129 New York Jets OT Charlotte Cameron Clark
0%
7 232 Pittsburgh Steelers DT Nebraska Carlos Davis
0%
7 233 Philadelphia Eagles LB Stanford Casey Toohill
0%
7 241 Tampa Bay Buccaneers LB Temple Chappelle Russell
0%
7 223 Jacksonville Jaguars CB Memphis Chris Claybrooks
0%
7 243 Tennessee Titans CB Marshall Chris Jackson
0%
7 247 New York Giants CB Minnesota Chris Williamson
0%
7 234 Los Angeles Rams LB Baylor Clay Johnston
0%
5 165 Jacksonville Jaguars WR Texas Collin Johnson
0%
7 239 Buffalo Bills CB Pittsburgh Dane Jackson
0%
5 157 Jacksonville Jaguars S Auburn Daniel Thomas
0%
7 230 New England Patriots C Memphis Dustin Woodard
0%
6 202 Arizona Cardinals LB California Evan Weaver
0%
6 208 Green Bay Packers C Oregon Jake Hanson
0%
7 235 Detroit Lions DT Ohio State Jashon Cornell
0%
6 197 Detroit Lions DT Utah John Penisini
0%
4 141 Houston Texans CB Penn State John Reid
0%
3 75 Detroit Lions G Ohio State Jonah Jackson
0%
6 213 Indianapolis Colts LB Michigan Jordan Glasgow
0%
4 137 Jacksonville Jaguars CB Michigan State Josiah Scott
0%
6 195 New England Patriots OT Wake Forest Justin Herron
0%
6 194 Tampa Bay Buccaneers DT Nebraska Khalil Davis
0%
7 227 Chicago Bears OT Tennessee State Lachavious Simmons
0%
6 182 New England Patriots G Michigan Michael Onwenu
0%
7 245 Tampa Bay Buccaneers RB Louisiana Raymond Calais
0%
6 193 Indianapolis Colts DT Penn State Robert Windsor
0%
3 84 Los Angeles Rams LB Alabama Terrell Lewis
0%
7 238 New York Giants LB South Carolina T.J. Brunson
0%
7 250 Los Angeles Rams G Clemson Tremayne Anchrum
0%
6 206 Jacksonville Jaguars TE Georgia Tech Tyler Davis
0%
3 106 Baltimore Ravens G Mississippi State Tyre Phillips
0%
7 236 Green Bay Packers S TCU Vernon Scott
0%
No matching quizzes found
Score Distribution
Percent of People with Each Score
Percentile by Number Answered
Your Score History
You have not taken this quiz since the last reset